000
00307nam a22001337a 4500
008
181204b xxu||||| |||| 00| 0 eng d
020
_a
9780534644581
041
_a
eng
080
_2
7 TH
_a
316
100
_a
50
101
_a
SOC
245
_a
Direct Socila Work Practice
_c
Dean.H.H
942
_2
udc
_c
BK
999
_c
52774
_d
52774